00466nam a22001457a 4500020001800000082001600018100002900034245004500063260004400108300000800152650003400160942000700194952010200201999001700303 a9789384964412 a270.082 KOC aKochuthara, Shaji George aGender Justice in The Church and Society aBangalorebDharmaram Publicationsc2016 a476 aChurch History-Gender Justice cBK 001040708NFICaHMIbHMIcGENd2021-10-25l0o270.082 KOCp11004544r2026-01-16w2026-01-16yBK c23191d23191